000 00226nam a22000857a 4500
008 170601b xxu||||| |||| 00| 0 eng d
100 _93212
_aShastri. C
245 _aThe hill of the holy Eagles
260 _aNew Delhi
_bDevamanla
_c2001
999 _c6525
_d6525